| 000 -LEADER |
| fixed length control field |
01295cam a22003135a 4500 |
| 001 - CONTROL NUMBER |
| control field |
14717641 |
| 005 - DATE AND TIME OF LATEST TRANSACTION |
| control field |
20170211100922.0 |
| 008 - FIXED-LENGTH DATA ELEMENTS--GENERAL INFORMATION |
| fixed length control field |
070130s2007 ohu 000 0 eng |
| 020 ## - INTERNATIONAL STANDARD BOOK NUMBER |
| International Standard Book Number |
9780324540529 (student ed.) |
| 020 ## - INTERNATIONAL STANDARD BOOK NUMBER |
| International Standard Book Number |
0324540523 (student ed.) |
| 020 ## - INTERNATIONAL STANDARD BOOK NUMBER |
| International Standard Book Number |
9780324359299 (student ed. with CD) |
| 020 ## - INTERNATIONAL STANDARD BOOK NUMBER |
| International Standard Book Number |
0324359292 (student ed. with CD) |
| 020 ## - INTERNATIONAL STANDARD BOOK NUMBER |
| International Standard Book Number |
9780324540512 (instructor's ed.) |
| 020 ## - INTERNATIONAL STANDARD BOOK NUMBER |
| International Standard Book Number |
0324540515 (instructor's ed.) |
| 020 ## - INTERNATIONAL STANDARD BOOK NUMBER |
| International Standard Book Number |
9780324641868 (instructor's ed. with CD) |
| 020 ## - INTERNATIONAL STANDARD BOOK NUMBER |
| International Standard Book Number |
0324641869 (instructor's ed. with CD) |
| 040 ## - CATALOGING SOURCE |
| Original cataloging agency |
DLC |
| Transcribing agency |
DLC |
| 050 ## - LIBRARY OF CONGRESS CALL NUMBER |
| Classification number |
HF5351 .K87 2007 |
| 100 1# - MAIN ENTRY--PERSONAL NAME |
| Personal name |
Boone, Louis E. |
| 245 10 - TITLE STATEMENT |
| Title |
Contemporary marketing / |
| Statement of responsibility, etc. |
Louis E. Boone, David L. Kurtz. |
| 250 ## - EDITION STATEMENT |
| Edition statement |
12th ed. |
| 260 ## - PUBLICATION, DISTRIBUTION, ETC. (IMPRINT) |
| Place of publication, distribution, etc. |
Mason, OH : |
| Name of publisher, distributor, etc. |
Thomson South-Western, |
| Date of publication, distribution, etc. |
2007. |
| 300 ## - PHYSICAL DESCRIPTION |
| Extent |
li,629p. : |
| Other physical details |
ill. ; |
| Dimensions |
28cm. |
| 500 ## - GENERAL NOTE |
| General note |
includes index. |
| 942 ## - ADDED ENTRY ELEMENTS (KOHA) |
| Source of classification or shelving scheme |
|
| Koha item type |
Hard Covered Materials |
| Classification part |
HF5351 .K87 2007 |